National Anthem of Sudan - "Naḥnu Jund Allāh Jund al-Waṭan" - Statistics

General Stats
  • This quiz has been taken 9 times
  • The average score is 7 of 37
Answer Stats
Answer % Correct
Naḥnu
100%
Allāh
75%
l-waṭan,
75%
da'ā
50%
'in
50%
jundu
50%
jundu
50%
al-fidā'
25%
dā'ī
25%
Hādhihī
25%
lam
25%
lanā
25%
l-'arḍu
25%
nakhun,
25%
nataḥaddā
25%
'alaman
0%
'arḍakum.
0%
banī
0%
bayna
0%
bi-'aghlā
0%
fal-ya'ish
0%
hādhā
0%
'inda
0%
l-'ib'a
0%
l-majda
0%
l-mawt
0%
l-miḥan,
0%
l-'umam,
0%
nashtarī
0%
ramzukum;
0%
s-Sūdān,
0%
Sūdānunā,
0%
thaman.
0%
wa
0%
0%
yaḥmī
0%
yaḥmilu
0%
No matching quizzes found
Score Distribution
Percent of People with Each Score
Percentile by Number Answered
Your Score History
You have not taken this quiz